000 00491nam a2200169Ia 4500
008 090711s9999 xx 000 0 und d
082 _b62816
100 _aपंडीत वा. ना.
245 _aअद्वैत भक्ती
260 _c1989
300 _a173
600 _aपंडीत वा. ना.
630 _aअद्वैत भक्ती
700 _aपंडीत वा. ना.
730 _aअद्वैत भक्ती
942 _cBOOK
999 _c283685
_d283685